<?xml version="1.0" encoding="UTF-8"?>
<record
    xmlns:xsi="http://www.w3.org/2001/XMLSchema-instance"
    xsi:schemaLocation="http://www.loc.gov/MARC21/slim http://www.loc.gov/standards/marcxml/schema/MARC21slim.xsd"
    xmlns="http://www.loc.gov/MARC21/slim">

  <leader>00627nam  2200169   4500</leader>
  <controlfield tag="001">5998</controlfield>
  <datafield tag="090" ind1=" " ind2=" ">
    <subfield code="a">5998</subfield>
  </datafield>
  <datafield tag="100" ind1=" " ind2=" ">
    <subfield code="a">20190729k        u||y0frey50      ba</subfield>
  </datafield>
  <datafield tag="101" ind1=" " ind2=" ">
    <subfield code="a">fre</subfield>
  </datafield>
  <datafield tag="200" ind1=" " ind2=" ">
    <subfield code="a">Le Mouvement Maxiste-Leniniste dans l'impasse ?</subfield>
    <subfield code="b">Brochure</subfield>
    <subfield code="e">bilan de la crise et perspectives</subfield>
    <subfield code="f">une contribution &#xE0; la discussion de Harald Fritschi</subfield>
  </datafield>
  <datafield tag="210" ind1=" " ind2=" ">
    <subfield code="a">Zurich</subfield>
    <subfield code="c">Editions du Drapeau rouge</subfield>
    <subfield code="d">1980</subfield>
  </datafield>
  <datafield tag="215" ind1=" " ind2=" ">
    <subfield code="a">44 p.</subfield>
    <subfield code="d">21 cm</subfield>
  </datafield>
  <datafield tag="225" ind1=" " ind2=" ">
    <subfield code="a">Drapeau rouge</subfield>
    <subfield code="d">Rote Fahne</subfield>
    <subfield code="e">Sp&#xE9;cial th&#xE9;orie</subfield>
    <subfield code="v">2, octobre 1980</subfield>
  </datafield>
  <datafield tag="606" ind1=" " ind2=" ">
    <subfield code="9">509</subfield>
    <subfield code="a">Marxisme-l&#xE9;ninisme</subfield>
  </datafield>
  <datafield tag="700" ind1=" " ind2=" ">
    <subfield code="9">122</subfield>
    <subfield code="a">Fritschi</subfield>
    <subfield code="b">Harald</subfield>
  </datafield>
  <datafield tag="712" ind1=" " ind2=" ">
    <subfield code="9">53</subfield>
    <subfield code="a">Parti Communiste de Suisse (PCS)</subfield>
  </datafield>
  <datafield tag="801" ind1=" " ind2=" ">
    <subfield code="a">CH</subfield>
    <subfield code="b">CH-002049-8</subfield>
  </datafield>
  <datafield tag="995" ind1=" " ind2=" ">
    <subfield code="1">0</subfield>
    <subfield code="2">0</subfield>
    <subfield code="3">0</subfield>
    <subfield code="5">2026-04-30</subfield>
    <subfield code="9">6966</subfield>
    <subfield code="b">ARCHIC</subfield>
    <subfield code="c">ARCHIC</subfield>
    <subfield code="e">Brochures</subfield>
    <subfield code="f">7818</subfield>
    <subfield code="h">Alain Simonin</subfield>
    <subfield code="k">Broch 2697</subfield>
    <subfield code="o">1</subfield>
  </datafield>
</record>
